000 01151cam a2200301 a 4500
001 3873055
003 OSt
005 20240617111425.0
008 890703s1990 enka 001 0 eng
010 _a 89036870
020 _a0521363128
020 _a052136860X (pbk.)
040 _aMUST LIB
_cMUST
_dMUST
050 0 0 _aQA39.2
_b.S745 1990
082 0 0 _a510
_220
_bSTE
100 1 _aStephenson, G.
_q(Geoffrey),
_d1927-1954.
_917319
245 1 0 _aAdvanced mathematical methods for engineering and science students /
_cG. Stephenson and P.M. Radmore.
260 _aCambridge ;
_aNew York :
_bCambridge University Press,
_c1990.
300 _axi, 255 p. :
_bill. ;
_c24 cm.
500 _aIncludes index.
650 0 _aMathematics.
700 1 _aRadmore, P. M.
_917117
856 4 2 _3Publisher description
_uhttp://www.loc.gov/catdir/description/cam024/89036870.html
856 4 1 _3Table of contents
_uhttp://www.loc.gov/catdir/toc/cam021/89036870.html
906 _a7
_bcbc
_corignew
_d1
_eocip
_f19
_gy-gencatlg
942 _2ddc
_cBOOK
999 _c8528
_d8528